000 00467nam a2200181 4500
003 SEACOMEC
005 20231018072440.0
008 231018b |||||||| |||| 00| 0 eng d
020 _cRs.275.00
040 _aSEACOMEC
082 _a005.1
_bF172
100 _aFairley, Richard E.
245 1 _aSoftware engineering concepts
260 1 _aNew Delhi
_bTata McGraw Hill
_c2003
650 _aComputer science, Programming
700 _aRichard E. Fairley
942 _cBOOK
999 _c250
_d250